A farkas és a két kecskegida

Bibliographic Details
Main Authors: Grimm, Jacob, 1785-1863 (Author), Grimm, Wilhelm, 1786-1859 (Author)
Other Authors: Rácz, Noémi, 1972- (Illustrator)
Format: Article
Language:Hungarian
PhysicalDescription:Obr. 1
Subjects:

MARC

LEADER 00000nab a2200000 a 4500
001 vtls000585913
003 SK-MaSNL
005 20260304011850.0
008 160202c1996 xo 0 hun
015 |a SNBRB19rr/mm-uuuuu 
035 |a CL0586052 
040 |a SNKBUCL  |b slo  |c SNKBUCL  |e AACR2 
041 0 |a hun 
044 |a xo  |c SK 
080 |a 830-3(087.5)=945.11  |2 1981 
100 1 |a Grimm, Jacob,  |d 1785-1863  |4 aut  |9 108277 
245 1 0 |a A farkas és a két kecskegida  |c Jacob Grimm, Wilhelm Grimm ; Illusztr. Noémi Rácz 
300 |b Obr. 1 
650 0 7 |a rozprávky autorské  |2 snkbucl  |9 315429 
655 7 |a články z novín a časopisov  |2 snkbucl  |9 267496 
655 7 |a články z odboru literárna veda a krásna literatúra  |2 snkbucl  |9 770045 
700 1 |a Grimm, Wilhelm,  |d 1786-1859  |4 aut  |9 108278 
700 1 |a Rácz, Noémi,  |d 1972-  |4 ill  |9 101585 
773 0 |t Vasárnap  |g Roč. 29, č. 14 (1996), s. 10 
850 |a Slovenská národná knižnica v Martine  |a DSG001 
852 |a SNK  |b KIS3GCP 
958 |a RK 
958 |a HU 
958 |a LX 
958 |a DE 
992 |a RBX 
999 |c 2568348  |d 2570278